[Event "4NCL 3 North pool A"]
[Site "Wakefield, ENG ENG"]
[Date "2016.02.14"]
[Round "6.55"]
[White "Polaczek, Richard"]
[Black "Wallace, Paul"]
[Result "0-1"]
[WhiteElo "2427"]
[BlackElo "2226"]
[PlyCount "77"]
[EventDate "2016.02.14"]
[WhiteTeam "Broadland Bitterns"]
[BlackTeam "Cheddleton 2"]

1. d4 Nf6 2. c4 g6 3. Nc3 Bg7 4. Bg5 d6 5. e3 O-O 6. Be2 c6 7. Qc2 a6 8. Nf3 b5
9. a3 Nbd7 10. O-O bxc4 11. Bxc4 c5 12. Rfd1 cxd4 13. Nxd4 Bb7 14. Rac1 Rc8 15.
Qe2 Qa5 16. f4 Qb6 17. Ba2 Nc5 18. Bxf6 Bxf6 19. Nd5 Bxd5 20. Bxd5 e6 21. Ba2
Na4 22. Rxc8 Rxc8 23. Nxe6 Nxb2 24. Rf1 d5 25. Ng5 Nc4 26. Bxc4 Rxc4 27. Kh1
Rc3 28. e4 d4 29. Nf3 Rxa3 30. e5 Be7 31. Rd1 Bc5 32. h3 Rc3 33. Qe4 Qb3 34.
Ra1 d3 35. Kh2 Qc4 36. Qxc4 Rxc4 37. Rxa6 Be3 38. Ra8+ Kg7 39. Rd8 {time} 0-1

[Event "4NCL 3 North pool A"]
[Site "Wakefield, ENG ENG"]
[Date "2016.02.14"]
[Round "6.56"]
[White "Richardson, Alex"]
[Black "Moore, Gerald"]
[Result "1-0"]
[WhiteElo "2115"]
[BlackElo "2107"]
[PlyCount "83"]
[EventDate "2016.02.14"]
[WhiteTeam "Cheddleton 2"]
[BlackTeam "Broadland Bitterns"]

1. d4 g6 2. c4 Bg7 3. Nc3 d6 4. e4 Nf6 5. Nf3 O-O 6. Be2 Na6 7. h3 e5 8. d5 Nc5
9. Nd2 a5 10. Qc2 Ne8 11. Nb3 b6 12. Nxc5 bxc5 13. h4 f5 14. h5 f4 15. hxg6
hxg6 16. Bd2 Bd7 17. a4 Qg5 18. Bf3 Kf7 19. Nb5 Rh8 20. Ke2 Qe7 21. Rxh8 Bxh8
22. Rh1 Bg7 23. Qd1 c6 24. dxc6 Bxc6 25. Bc3 Qe6 26. Qd3 Kg8 27. Rd1 Bf8 28. g3
fxg3 29. fxg3 Bxb5 30. axb5 Nf6 31. Ra1 a4 32. Ra3 Qh3 33. Be1 g5 34. Kd1 g4
35. Be2 Rd8 36. Rxa4 Qh7 37. Ra3 d5 38. exd5 e4 39. Qe3 Bh6 40. Qxc5 Bf8 41.
Qb6 Rd6 42. Qe3 1-0

[Event "4NCL 3 North pool A"]
[Site "Wakefield, ENG ENG"]
[Date "2016.02.14"]
[Round "6.57"]
[White "Hughes, Roy"]
[Black "Edwards, Simon R"]
[Result "1/2-1/2"]
[WhiteElo "2117"]
[BlackElo "2020"]
[PlyCount "86"]
[EventDate "2016.02.14"]
[WhiteTeam "Broadland Bitterns"]
[BlackTeam "Cheddleton 2"]

1. d4 Nf6 2. Bf4 g6 3. e3 Bg7 4. Be2 O-O 5. Nf3 d6 6. c4 c5 7. Nc3 cxd4 8. exd4
Nbd7 9. O-O b6 10. Rc1 Bb7 11. b4 Rc8 12. Re1 Bxf3 13. Bxf3 Rxc4 14. Nb5 Rxc1
15. Qxc1 e5 16. Bg5 exd4 17. Nxd4 Ne5 18. Be2 Qc8 19. Nb5 Qb8 20. Rd1 Rc8 21.
Qf4 Ne8 22. Qd2 Nc4 23. Qd5 Nb2 24. Rb1 a6 25. Nd4 Qa8 26. Qxa8 Rxa8 27. Be3
Na4 28. Bf3 Rc8 29. Nc6 Bf6 30. Rc1 Kg7 31. g4 h6 32. Kg2 Nc3 33. Nd4 b5 34. a3
Rc4 35. Nb3 d5 36. Na5 Rc7 37. Bb6 Rd7 38. Nb3 Ne4 39. Rd1 Rd6 40. Be3 Bb2 41.
Bf4 Rf6 42. Be3 Rd6 43. Bf4 Rf6 1/2-1/2

[Event "4NCL 3 North pool A"]
[Site "Wakefield, ENG ENG"]
[Date "2016.02.14"]
[Round "6.59"]
[White "Bin-Suhayl, Ieysaa"]
[Black "Jamieson, Ian"]
[Result "1/2-1/2"]
[WhiteElo "1975"]
[BlackElo "1935"]
[PlyCount "102"]
[EventDate "2016.02.14"]
[WhiteTeam "Broadland Bitterns"]
[BlackTeam "Cheddleton 2"]

1. d4 b5 2. e4 a6 3. Nf3 e6 4. Bg5 Be7 5. Bxe7 Qxe7 6. c3 d6 7. a4 b4 8. cxb4
d5 9. exd5 Qxb4+ 10. Qd2 Qxd2+ 11. Kxd2 exd5 12. Nc3 Nf6 13. Ne5 Bf5 14. f3 h5
15. b4 O-O 16. Bd3 Bxd3 17. Nxd3 Nbd7 18. Ne5 Nxe5 19. dxe5 Nd7 20. Nxd5 Nxe5
21. Nxc7 Ra7 22. Rac1 Rd8+ 23. Ke2 Nd3 24. Rcd1 Nf4+ 25. Ke3 Nxg2+ 26. Kf2 Rxd1
27. Rxd1 Rxc7 28. Kxg2 Rc2+ 29. Kg1 Rb2 30. Rd6 Rxb4 31. Rxa6 Rb2 32. Ra8+ Kh7
33. a5 Ra2 34. a6 g5 35. a7 g4 36. f4 Kg7 37. Kh1 h4 38. Kg1 g3 39. hxg3 hxg3
40. Kf1 Kf6 41. Rg8 Rxa7 42. Rxg3 Kf5 43. Rb3 Kxf4 44. Rb4+ Kg5 45. Kf2 Ra3 46.
Rb5+ f5 47. Rb4 f4 48. Rb8 Kg4 49. Rg8+ Kh3 50. Rh8+ Kg4 51. Rg8+ Kh3 1/2-1/2

[Event "4NCL 3 North pool A"]
[Site "Wakefield, ENG ENG"]
[Date "2016.02.14"]
[Round "6.60"]
[White "Boswell, Jacob Connor"]
[Black "Rahman, Yousuf"]
[Result "0-1"]
[WhiteElo "1840"]
[BlackElo "1822"]
[PlyCount "132"]
[EventDate "2016.02.14"]
[WhiteTeam "Cheddleton 2"]
[BlackTeam "Broadland Bitterns"]

1. e4 e6 2. d4 d5 3. Nd2 Nf6 4. e5 Nfd7 5. Bd3 c5 6. c3 Nc6 7. Ngf3 Be7 8. O-O
O-O 9. Bc2 f6 10. exf6 Bxf6 11. Nb3 c4 12. Nbd2 e5 13. dxe5 Ndxe5 14. h3 Be6
15. Nd4 Nxd4 16. cxd4 Nc6 17. Nf3 Qb6 18. Bg5 Nxd4 19. Nxd4 Bxd4 20. Qh5 Bf5
21. Be7 Bxc2 22. Bxf8 Rxf8 23. Qxd5+ Kh8 24. Qxc4 Bxf2+ 25. Kh1 Bg6 26. Rae1
Qc5 27. Qxc5 Bxc5 28. Rxf8+ Bxf8 29. Rd1 Be4 30. a3 Bc6 31. b4 Kg8 32. Kg1 Be7
33. Kf2 Kf7 34. g3 Bf6 35. Rd2 Kg6 36. h4 Kf5 37. Ke3 Kg4 38. Kf2 Be5 39. Rd3
Bb5 40. Rd5 Bxg3+ 41. Kg1 Bc6 42. Rg5+ Kxh4 43. Rxg7 h5 44. b5 Bxb5 45. Rxb7 a6
46. a4 Be2 47. Rb2 Bg4 48. Kg2 Be1 49. Rb1 Ba5 50. Rh1+ Kg5 51. Rc1 Bb4 52. Rc4
a5 53. Rd4 Kf5 54. Rd5+ Ke4 55. Rd8 h4 56. Kh2 h3 57. Kg3 Be6 58. Rd1 Bc3 59.
Kh2 Be5+ 60. Kh1 Bd5 61. Kg1 Bg3 62. Rc1 Ke5 63. Rc2 Kd4 64. Rd2+ Kc4 65. Rc2+
Kb4 66. Rd2 h2+ 0-1

[Event "4NCL 3 North pool A"]
[Site "Wakefield, ENG ENG"]
[Date "2016.02.14"]
[Round "6.65"]
[White "Turner, John M"]
[Black "Watson, Phil R"]
[Result "0-1"]
[WhiteElo "2023"]
[BlackElo "2167"]
[PlyCount "120"]
[EventDate "2016.02.14"]
[WhiteTeam "Holmes Chapel"]
[BlackTeam "Bradford DCA Knights A"]

1. e4 c6 2. Nf3 d5 3. exd5 cxd5 4. Ne5 Nf6 5. d4 g6 6. Bd3 Bg7 7. c3 O-O 8. O-O
Nc6 9. f4 Bf5 10. Bxf5 gxf5 11. Nd2 Qd6 12. Qe2 a6 13. Ndf3 Ne4 14. Bd2 b5 15.
a4 Na5 16. axb5 axb5 17. Ra3 Nc4 18. Nxc4 bxc4 19. Rfa1 Rxa3 20. Rxa3 Rb8 21.
Bc1 e6 22. Qc2 Qb6 23. Ne5 Qb7 24. Qa4 Bf8 25. Ra1 Bd6 26. Qd7 Bxe5 27. Qxb7
Bxd4+ 28. cxd4 Rxb7 29. Kf1 Kf8 30. Ra3 c3 31. Ra2 Rb3 32. Ke2 Ke8 33. Ra8+ Kd7
34. bxc3 Nxc3+ 35. Kf2 Nb5 36. Be3 Nd6 37. Ke2 Rb2+ 38. Kf3 Nc4 39. Bg1 Rb1 40.
Bf2 Nd2+ 41. Ke2 Rb2 42. Bg1 Nb3+ 43. Kf3 Rd2 44. Rh8 Nxd4+ 45. Bxd4 Rxd4 46.
Rxh7 Ke7 47. g3 Re4 48. Rh8 f6 49. Ra8 e5 50. Ra7+ Ke6 51. Ra6+ Kf7 52. Ra7+
Kg6 53. Rd7 d4 54. h3 Re3+ 55. Kf2 Rd3 56. Rd5 e4 57. Rd7 Rd2+ 58. Kf1 d3 59.
Re7 Rh2 60. h4 d2 0-1

[Event "4NCL 3 North pool A"]
[Site "Wakefield, ENG ENG"]
[Date "2016.02.14"]
[Round "6.66"]
[White "Drabble, Andrew"]
[Black "Bennett, Patrick"]
[Result "1/2-1/2"]
[WhiteElo "2062"]
[BlackElo "2012"]
[PlyCount "80"]
[EventDate "2016.02.14"]
[WhiteTeam "Bradford DCA Knights A"]
[BlackTeam "Holmes Chapel"]

1. d4 d5 2. Nf3 Nf6 3. c4 e6 4. cxd5 exd5 5. Qc2 Be7 6. Bg5 Nbd7 7. e3 O-O 8.
Bd3 Re8 9. O-O c6 10. Nbd2 h6 11. Bh4 Ne4 12. Bxe7 Qxe7 13. b4 Ndf6 14. a3 Nxd2
15. Nxd2 Ne4 16. Nb3 Nd6 17. a4 Qf6 18. b5 cxb5 19. axb5 Bf5 20. Bxf5 Nxf5 21.
Nc5 Nh4 22. Nd3 Qg6 23. Ne1 Nf3+ 24. Kh1 Qxc2 25. Nxc2 Nd2 26. Rfe1 Ne4 27. Nb4
Nc3 28. Rec1 Rec8 29. g3 Nxb5 30. Rxc8+ Rxc8 31. Nxd5 Rc2 32. Kg2 a6 33. Nb4
Rd2 34. Rc1 Kf8 35. Nd5 Ke8 36. Rc8+ Kd7 37. Nb6+ Ke7 38. Nd5+ Kd7 39. Nb6+ Ke7
40. Nd5+ Kd7 1/2-1/2

[Event "4NCL 3 North pool A"]
[Site "Wakefield, ENG ENG"]
[Date "2016.02.14"]
[Round "6.67"]
[White "Doran, Chris"]
[Black "Allis, Richard"]
[Result "0-1"]
[WhiteElo "1977"]
[BlackElo "2091"]
[PlyCount "118"]
[EventDate "2016.02.14"]
[WhiteTeam "Holmes Chapel"]
[BlackTeam "Bradford DCA Knights A"]

1. e4 e5 2. Nf3 d6 3. d4 Nd7 4. Bc4 Be7 5. Nc3 c6 6. a4 h6 7. O-O Qc7 8. a5 Nf8
9. h3 g5 10. Ne2 Ng6 11. b3 g4 12. hxg4 Bxg4 13. Qd3 exd4 14. Nexd4 Bf6 15. Bb2
Nf4 16. Qe3 Be5 17. Nxe5 dxe5 18. Nf5 Bxf5 19. exf5 f6 20. g3 Nd5 21. Bxd5 cxd5
22. c4 Ne7 23. cxd5 Nxd5 24. Qe4 Ne7 25. Rfc1 Qd7 26. a6 Rb8 27. Bxe5 fxe5 28.
Qxe5 O-O 29. g4 Nc6 30. Qf4 Qg7 31. Ra4 Ne5 32. f3 b5 33. Re4 Nd3 34. Qd6 Nxc1
35. Re7 Ne2+ 36. Rxe2 Rbd8 37. Qe6+ Kh8 38. Qc6 Qd4+ 39. Kg2 Rd6 40. Qc7 Rd7
41. Qc6 Qd6 42. Qxb5 Rb8 43. Qc4 Qd3 44. Qe6 Qd6 45. Qc4 Re7 46. Qc3+ Kg8 47.
Qc4+ Kf8 48. Rc2 Rbe8 49. Qb5 Qd4 50. Qc6 Re2+ 51. Rxe2 Rxe2+ 52. Kh3 Qb6 53.
Qc3 Rf2 54. b4 Kf7 55. Qc4+ Kg7 56. Qc3+ Qf6 57. Qc5 h5 58. gxh5 Kh6 59. Qc1+
Kxh5 0-1

[Event "4NCL 3 North pool A"]
[Site "Wakefield, ENG ENG"]
[Date "2016.02.14"]
[Round "6.68"]
[White "Bak, Andrew"]
[Black "Scattergood, Ben"]
[Result "0-1"]
[WhiteElo "2031"]
[BlackElo "1938"]
[PlyCount "90"]
[EventDate "2016.02.14"]
[WhiteTeam "Bradford DCA Knights A"]
[BlackTeam "Holmes Chapel"]

1. e4 e6 2. Qe2 e5 3. d3 b6 4. f4 d6 5. Nf3 Nc6 6. c3 Nf6 7. d4 exd4 8. cxd4
Be7 9. Nc3 O-O 10. e5 dxe5 11. fxe5 Re8 12. exf6 Bxf6 13. Be3 Nxd4 14. Nxd4
Bxd4 15. Rd1 c5 16. Qf3 Qh4+ 17. g3 Bxc3+ 18. bxc3 Qe7 19. Kf2 Bb7 20. Qf4 Bxh1
21. Bb5 Qb7 22. Bxe8 Rxe8 23. Rf1 Bg2 24. Rd1 Bh3 25. Qf3 Qc8 26. Qd5 Bg4 27.
Rd2 h6 28. h4 Be6 29. Qd6 Bc4 30. Qd7 Qxd7 31. Rxd7 a6 32. Rb7 Re6 33. Rb8+ Kh7
34. a3 Rf6+ 35. Kg2 Bd5+ 36. Kh2 Rf3 37. Bg1 Rxc3 38. Rxb6 Rc2+ 39. Kh3 f5 40.
h5 Bg2+ 41. Kh2 Bf3+ 42. Kh3 Bxh5 43. Rb7 Bg4+ 44. Kh4 Rg2 45. Bxc5 Rh2# 0-1

[Event "4NCL 3 North pool A"]
[Site "Wakefield, ENG ENG"]
[Date "2016.02.14"]
[Round "6.69"]
[White "Higgie, Charles L"]
[Black "Jennings, Roger W"]
[Result "1-0"]
[WhiteElo "1849"]
[BlackElo "2088"]
[PlyCount "47"]
[EventDate "2016.02.14"]
[WhiteTeam "Holmes Chapel"]
[BlackTeam "Bradford DCA Knights A"]

1. d4 g6 2. e4 Bg7 3. Be3 c5 4. c3 cxd4 5. cxd4 d6 6. Nc3 Nf6 7. f3 O-O 8. Qd2
Re8 9. Nge2 Nc6 10. g4 e5 11. d5 Ne7 12. Ng3 Bd7 13. h4 a6 14. h5 b5 15. hxg6
fxg6 16. g5 b4 17. gxf6 bxc3 18. Qh2 h5 19. Nxh5 Qa5 20. Nxg7 cxb2+ 21. Kf2 Kf7
22. Nxe8 Rxe8 23. Qh7+ Kxf6 24. Bg5+ 1-0

[Event "4NCL 3 North pool A"]
[Site "Wakefield, ENG ENG"]
[Date "2016.02.14"]
[Round "6.70"]
[White "Nicholson, Jim W R"]
[Black "Roberts, Malcolm A"]
[Result "1-0"]
[WhiteElo "2006"]
[BlackElo "1735"]
[PlyCount "45"]
[EventDate "2016.02.14"]
[WhiteTeam "Bradford DCA Knights A"]
[BlackTeam "Holmes Chapel"]

1. d4 d5 2. Nf3 Nf6 3. Bg5 Nbd7 4. Nbd2 e6 5. e3 Be7 6. Bd3 h6 7. Bh4 c5 8. c3
c4 9. Bc2 Nb6 10. Ne5 O-O 11. f4 Bd7 12. O-O Nc8 13. Kh1 Nd6 14. g4 Nfe4 15.
Nxe4 dxe4 16. Bxe7 Qxe7 17. Rg1 Be8 18. g5 hxg5 19. fxg5 f6 20. gxf6 Rxf6 21.
Qg4 Rc8 22. Raf1 Rh6 23. Rf7 1-0

[Event "4NCL 3 North pool A"]
[Site "Wakefield, ENG ENG"]
[Date "2016.02.14"]
[Round "6.75"]
[White "Collins, Richard A"]
[Black "White, Mark W"]
[Result "0-1"]
[WhiteElo "1930"]
[BlackElo "2068"]
[PlyCount "74"]
[EventDate "2016.02.14"]
[WhiteTeam "Manchester Manticores 3"]
[BlackTeam "Jorvik"]

1. d4 Nf6 2. c4 c5 3. d5 b5 4. cxb5 a6 5. b6 Qxb6 6. Nc3 g6 7. e4 d6 8. Bd3 Bg7
9. Nge2 O-O 10. O-O a5 11. Rb1 Ba6 12. h3 Nfd7 13. Bf4 Ne5 14. Bxa6 Nxa6 15.
Bxe5 Bxe5 16. Qd2 Nc7 17. Qc2 Rab8 18. Rfe1 Qb4 19. b3 f5 20. f3 fxe4 21. fxe4
Bd4+ 22. Kh1 Rf2 23. Rf1 Rbf8 24. Rxf2 Rxf2 25. Qd3 Bxc3 26. Nxc3 Qd4 27. Rd1
Qf6 28. Kg1 Ne8 29. Rd2 Rf4 30. Rd1 Qe5 31. Re1 Ng7 32. Rf1 Nh5 33. Rf3 Rxf3
34. Qxf3 Ng3 35. Kf2 Nh5 36. Ne2 Nf6 37. Nc3 Qxc3 0-1

[Event "4NCL 3 North pool A"]
[Site "Wakefield, ENG ENG"]
[Date "2016.02.14"]
[Round "6.76"]
[White "Cowan, Richard M"]
[Black "Hilton, Tim"]
[Result "0-1"]
[WhiteElo "1893"]
[BlackElo "1960"]
[PlyCount "82"]
[EventDate "2016.02.14"]
[WhiteTeam "Jorvik"]
[BlackTeam "Manchester Manticores 3"]

1. e4 e6 2. d4 d5 3. e5 c5 4. c3 Qb6 5. Nf3 Nc6 6. a3 Nh6 7. b4 cxd4 8. cxd4
Nf5 9. Bb2 Bd7 10. g4 Nfe7 11. Nc3 Na5 12. Rc1 Rc8 13. Nd2 Ng6 14. Qc2 Nc4 15.
Nxc4 dxc4 16. Ne4 a5 17. Nc5 Bc6 18. bxa5 Qxa5+ 19. Bc3 Qc7 20. Ne4 Bxa3 21.
Ra1 Be7 22. f3 O-O 23. Ba5 b6 24. Bd2 Bh4+ 25. Kd1 Bxe4 26. fxe4 b5 27. Bb4 Ra8
28. Rb1 Rfd8 29. Bd3 Qa7 30. Be2 Be7 31. Bxe7 Rxd4+ 32. Kc1 Nxe7 33. Rd1 Qa3+
34. Rb2 Nc6 35. Rxd4 Nxd4 36. Qd1 Qc3+ 37. Kb1 Nb3 38. Ra2 Rc8 39. Qc2 Qxe5 40.
Rb2 Nd4 41. Qc3 Qxe4+ 0-1

[Event "4NCL 3 North pool A"]
[Site "Wakefield, ENG ENG"]
[Date "2016.02.14"]
[Round "6.77"]
[White "Coward, Neil"]
[Black "Nezis, Anastasios"]
[Result "1/2-1/2"]
[WhiteElo "1930"]
[BlackElo "1910"]
[PlyCount "78"]
[EventDate "2016.02.14"]
[WhiteTeam "Manchester Manticores 3"]
[BlackTeam "Jorvik"]

1. e4 c5 2. d4 cxd4 3. c3 Nf6 4. e5 Nd5 5. Qxd4 e6 6. Nf3 Nc6 7. Qe4 f5 8. exf6
Nxf6 9. Qc2 Qc7 10. Bd3 Ne5 11. Nxe5 Qxe5+ 12. Qe2 Bd6 13. Qxe5 Bxe5 14. O-O b6
15. Nd2 Bb7 16. Nc4 Bc7 17. h3 O-O 18. Be3 Nd5 19. Rad1 b5 20. Na3 Nxe3 21.
fxe3 a6 22. Rxf8+ Rxf8 23. Rf1 g6 24. Rxf8+ Kxf8 25. Nc2 Ke7 26. Kf2 Kf6 27.
Nd4 d5 28. Nb3 Bb6 29. Be2 h5 30. Bf3 e5 31. Nd2 Bc5 32. Nb3 Bb6 33. Nd2 Bc5
34. Nb3 Bb6 35. Nd2 a5 36. a3 a4 37. g4 hxg4 38. Bxg4 Bc6 39. Nf3 Bc5 1/2-1/2

[Event "4NCL 3 North pool A"]
[Site "Wakefield, ENG ENG"]
[Date "2016.02.14"]
[Round "6.78"]
[White "Flint, Martina"]
[Black "Lonsdale, Jon I"]
[Result "1-0"]
[WhiteElo "1826"]
[BlackElo "1892"]
[PlyCount "63"]
[EventDate "2016.02.14"]
[WhiteTeam "Jorvik"]
[BlackTeam "Manchester Manticores 3"]

1. f4 d6 2. g3 e5 3. fxe5 dxe5 4. Bg2 Nf6 5. c3 Bc5 6. Nf3 Nc6 7. b4 Bd6 8. O-O
Bg4 9. Na3 Qe7 10. Nc4 O-O 11. Ne3 Rad8 12. Nh4 Bc8 13. Nef5 Bxf5 14. Nxf5 Qd7
15. Bh3 Kh8 16. Bg2 Ne7 17. Nxe7 Qxe7 18. e3 c5 19. bxc5 Bxc5 20. Qb3 b6 21. d4
Bd6 22. a4 Rc8 23. a5 Qc7 24. axb6 axb6 25. Bd2 exd4 26. exd4 Ng4 27. Rab1 Bxg3
28. hxg3 Qxg3 29. Bf4 Qh4 30. Rf3 Rce8 31. Bg3 Qe7 32. Re1 1-0

[Event "4NCL 3 North pool A"]
[Site "Wakefield, ENG ENG"]
[Date "2016.02.14"]
[Round "6.79"]
[White "Livesey, R Nigel"]
[Black "Anderson, Paul W"]
[Result "1-0"]
[WhiteElo "1825"]
[BlackElo "1815"]
[PlyCount "85"]
[EventDate "2016.02.14"]
[WhiteTeam "Manchester Manticores 3"]
[BlackTeam "Jorvik"]

1. c4 e6 2. g3 d5 3. Bg2 Nf6 4. Nf3 g6 5. O-O Bg7 6. d4 dxc4 7. Qa4+ Nbd7 8.
Qxc4 O-O 9. Bf4 c6 10. Nc3 Nb6 11. Qb3 Nbd5 12. Be5 Qb6 13. Qc2 Bd7 14. e4 Nb4
15. Qd2 Na6 16. Rfd1 Qd8 17. Rac1 Qe7 18. Qe2 Ne8 19. Bxg7 Kxg7 20. Ne5 f6 21.
Nd3 Rd8 22. Rd2 Nec7 23. Rcd1 Bc8 24. a3 Rxd4 25. e5 Rdd8 26. exf6+ Qxf6 27. f4
Nd5 28. Nxd5 exd5 29. Ne5 Rde8 30. Qf2 b6 31. Qd4 Nb8 32. Rc1 c5 33. Qa4 a6 34.
Rxd5 Rd8 35. Rcd1 Rxd5 36. Rxd5 Rd8 37. Qd1 Rxd5 38. Qxd5 Qe6 39. Qd8 Qf5 40.
Qc7+ Bd7 41. h3 Qc2 42. Qxb8 Bxh3 43. Qc7+ 1-0

[Event "4NCL 3 North pool A"]
[Site "Wakefield, ENG ENG"]
[Date "2016.02.14"]
[Round "6.80"]
[White "Pearce, Neville R"]
[Black "Blackmore, Graham W"]
[Result "0-1"]
[WhiteElo "1675"]
[BlackElo "1817"]
[PlyCount "68"]
[EventDate "2016.02.14"]
[WhiteTeam "Jorvik"]
[BlackTeam "Manchester Manticores 3"]

1. e4 c6 2. d4 d6 3. h3 e5 4. Nf3 Nd7 5. Bc4 Be7 6. O-O Ngf6 7. Re1 O-O 8. Bb3
h6 9. c4 a6 10. a4 b6 11. Nc3 Bb7 12. d5 Nc5 13. Bc2 a5 14. Be3 Nfd7 15. b3 Rc8
16. Rc1 cxd5 17. Nxd5 Bxd5 18. cxd5 Nb8 19. Bd3 Rc7 20. Bxc5 Rxc5 21. Rxc5 bxc5
22. Nd2 Qc7 23. Nc4 Nd7 24. Qd2 Ra8 25. Na3 Rb8 26. Bb5 f5 27. exf5 Bg5 28. Qd3
Nf6 29. Nc4 Rd8 30. Rd1 e4 31. Qc3 Qf7 32. Nxa5 Nh5 33. Be2 Nf4 34. Nc6 Nxe2+
0-1

[Event "4NCL 3 North pool A"]
[Site "Wakefield, ENG ENG"]
[Date "2016.02.14"]
[Round "6.85"]
[White "McDonagh, Michael"]
[Black "Bentley, John L"]
[Result "1/2-1/2"]
[WhiteElo "1960"]
[BlackElo "2158"]
[PlyCount "52"]
[EventDate "2016.02.14"]
[WhiteTeam "Spirit of Atticus C"]
[BlackTeam "3Cs 2"]

1. g3 c5 2. Bg2 Nc6 3. c4 d6 4. Nc3 g6 5. d3 Bg7 6. e3 e5 7. Nge2 h5 8. h4 Nh6
9. a3 O-O 10. Rb1 f5 11. O-O f4 12. exf4 Bg4 13. f3 Bf5 14. Nd5 Be6 15. f5 Nxf5
16. Bg5 Qd7 17. Ne3 Ncd4 18. Nxd4 exd4 19. Nxf5 Bxf5 20. b4 Rae8 21. Kh2 b6 22.
bxc5 dxc5 23. Qd2 Re6 24. Rfe1 Rfe8 25. Re4 Bxe4 26. fxe4 Qd6 1/2-1/2

[Event "4NCL 3 North pool A"]
[Site "Wakefield, ENG ENG"]
[Date "2016.02.14"]
[Round "6.86"]
[White "Burke, Mitchell R"]
[Black "Cooper, John G"]
[Result "1/2-1/2"]
[WhiteElo "2050"]
[BlackElo "1959"]
[PlyCount "33"]
[EventDate "2016.02.14"]
[WhiteTeam "3Cs 2"]
[BlackTeam "Spirit of Atticus C"]

1. e4 d5 2. exd5 Qxd5 3. Nc3 Qd6 4. d4 Nf6 5. Nf3 a6 6. g3 Bg4 7. Bg2 Nc6 8.
Bf4 Qe6+ 9. Ne2 O-O-O 10. c3 h6 11. h3 Bf5 12. Qb3 Qxb3 13. axb3 Be4 14. O-O e6
15. Ne1 Bxg2 16. Kxg2 g5 17. Be3 1/2-1/2

[Event "4NCL 3 North pool A"]
[Site "Wakefield, ENG ENG"]
[Date "2016.02.14"]
[Round "6.87"]
[White "Buckley, Colm"]
[Black "Burton, Graham P"]
[Result "1/2-1/2"]
[WhiteElo "2020"]
[BlackElo "2003"]
[PlyCount "67"]
[EventDate "2016.02.14"]
[WhiteTeam "Spirit of Atticus C"]
[BlackTeam "3Cs 2"]

1. d4 Nf6 2. c4 c5 3. d5 e6 4. Nc3 exd5 5. cxd5 d6 6. e4 g6 7. f4 Bg7 8. Bb5+
Nfd7 9. a4 O-O 10. Nf3 Na6 11. O-O Nb4 12. Re1 a6 13. Bc4 Nb6 14. Bd3 Bg4 15.
a5 Nxd3 16. Qxd3 Nd7 17. Bd2 b5 18. axb6 Qxb6 19. Na4 Qb5 20. Qc2 Bxf3 21. gxf3
Rab8 22. Bc3 Bd4+ 23. Bxd4 cxd4 24. Qd2 Rfc8 25. Qxd4 Rc4 26. Qd1 Rbc8 27. Re2
Rc1 28. Rxc1 Rxc1 29. Qxc1 Qxe2 30. Qf1 Qe3+ 31. Kg2 Qxf4 32. Qxa6 Qd2+ 33. Kg1
Qd1+ 34. Kf2 1/2-1/2

[Event "4NCL 3 North pool A"]
[Site "Wakefield, ENG ENG"]
[Date "2016.02.14"]
[Round "6.88"]
[White "Adams, Philip"]
[Black "Mort, Andrew J"]
[Result "1/2-1/2"]
[WhiteElo "2050"]
[BlackElo "1920"]
[PlyCount "33"]
[EventDate "2016.02.14"]
[WhiteTeam "3Cs 2"]
[BlackTeam "Spirit of Atticus C"]

1. e4 c6 2. c4 d5 3. exd5 cxd5 4. cxd5 Qxd5 5. Nc3 Qd8 6. d4 e6 7. Nf3 Nf6 8.
Bd3 Be7 9. O-O O-O 10. Re1 Nc6 11. a3 b6 12. Bc2 Bb7 13. Qd3 Re8 14. Bg5 g6 15.
Rad1 Nd5 16. Ne4 Bxg5 17. Nexg5 1/2-1/2

[Event "4NCL 3 North pool A"]
[Site "Wakefield, ENG ENG"]
[Date "2016.02.14"]
[Round "6.89"]
[White "Savidge, Daniel"]
[Black "Manton, Jacob"]
[Result "1-0"]
[WhiteElo "1900"]
[BlackElo "1960"]
[PlyCount "51"]
[EventDate "2016.02.14"]
[WhiteTeam "Spirit of Atticus C"]
[BlackTeam "3Cs 2"]

1. e4 e6 2. d4 d5 3. e5 c5 4. c3 Nc6 5. Nf3 Bd7 6. Bd3 Qb6 7. O-O cxd4 8. cxd4
Nxd4 9. Nbd2 Bc5 10. b4 Nxf3+ 11. Nxf3 Qxb4 12. Qe2 Qb6 13. Rb1 Qc7 14. Bg5 Rc8
15. Rfc1 Qb8 16. Bb5 Be7 17. Bxd7+ Kxd7 18. Qb5+ Kd8 19. Rxc8+ Qxc8 20. Qxb7
Qxb7 21. Rxb7 f6 22. Be3 Kc8 23. Rxa7 Kb8 24. g3 Bf8 25. Rf7 fxe5 26. Rxf8+ 1-0

[Event "4NCL 3 North pool A"]
[Site "Wakefield, ENG ENG"]
[Date "2016.02.14"]
[Round "6.90"]
[White "McLean, Robert"]
[Black "Emerton, Keith"]
[Result "1-0"]
[WhiteElo "1915"]
[BlackElo "1772"]
[PlyCount "103"]
[EventDate "2016.02.14"]
[WhiteTeam "3Cs 2"]
[BlackTeam "Spirit of Atticus C"]

1. e4 d6 2. d4 Nf6 3. Nc3 g6 4. Be3 Bg7 5. Qd2 c6 6. Nf3 b5 7. Bd3 Nbd7 8. Bh6
Bxh6 9. Qxh6 b4 10. Ne2 a5 11. Ng5 e5 12. Qg7 Rf8 13. Nxh7 Nxh7 14. Qxh7 Nf6
15. Qh4 Bb7 16. dxe5 dxe5 17. O-O Qe7 18. f4 Nd7 19. Qxe7+ Kxe7 20. f5 g5 21.
Rf3 Rh8 22. f6+ Nxf6 23. Raf1 Rh6 24. Ng3 Bc8 25. Rf5 Ng4 26. Rxf7+ Kd6 27. h3
Ne3 28. Re1 Be6 29. Rxe3 Bxf7 30. Nf5+ Kc5 31. Nxh6 Bxa2 32. b3 a4 33. bxa4
Rxa4 34. Rf3 Bc4 35. Nf7 Bxd3 36. Rxd3 Ra2 37. Rd2 b3 38. Nxe5 bxc2 39. Nd3+
Kc4 40. Nc1 Rb2 41. Kf2 Kc3 42. Rd3+ Kc4 43. Ke2 Rb1 44. Kd2 Rb5 45. Kxc2 Re5
46. Nb3 Kb4 47. Rd4+ Kb5 48. Kd3 c5 49. Rc4 Kb6 50. Rxc5 Rxc5 51. Nxc5 Kxc5 52.
g3 1-0